البرمجة بإستخدام ++ c : (رقم التسجيلة. 33306)

تفاصيل مارك
000 -الفاتح
عناصر البيانات ثابتة الطول 00877cam a2200229 i 4500
005 - تاريخ ووقت آخر معاملة
حقل ضبط 20251108165849.0
008 - عناصر البيانات ثابتة الطول
عناصر البيانات ثابتة الطول 250721s2000 ua a gr 000 0 ara d
020 ## - الترقيم الدولي المعياري للكتب (ردمك)
الترقيم الدولي المعياري للكتب (ردمك) 9772821028
041 1# - كود اللغة
كود اللغة لنص/مسار صوت أو عنوان منفصل ara
كود اللغة للأصل eng
082 14 - رقم تصنيف ديوي العشري
رقم التصنيف 005.12
رقم المادة ه ي و
100 1# - مدخل رئيسي – اسم شخصي
الاسم الشخصي هيوبارد، جون
علاقة الشخص بالعمل/ دوره مؤلف.
240 10 - عنوان مقنن
عنوان مقنن Programming with ++C.
245 10 - بيان العنوان
العنوان البرمجة بإستخدام ++ c :
بقية العنوان منهج دراس مكثف /
بيان المسؤولية تأليف جون هيوبارد ؛ ترجمة محمد ابراهيم العدوي.
264 1# - بيانات النشر، التوزيع…إلخ
مكان النشر، التوزيع...إلخ القاهرة :
اسم الناشر، الموزع...إلخ الدار الدولية للإستثمارات،
تاريخ النشر، التوزيع...إلخ 2001.
300 ## - الوصف المادي
عدد الوحدات المكونة للوعاء ملخصات شو ايزي.
650 17 - مدخل إضافي بالموضوع - مصطلح موضوعي
مصطلح موضوعي أو اسم جغرافي كعنصر مدخل الحواسيب.
650 17 - مدخل إضافي بالموضوع - مصطلح موضوعي
مصطلح موضوعي أو اسم جغرافي كعنصر مدخل برامج الحاسوب.
700 1# - مدخل إضافي - اسم شخصي
الاسم الشخصي العدوى، محمد إبراهيم
علاقة الشخص بالعمل/ دوره مترجم.
830 #0 - مدخل إضافي بالسلسلة-عنوان مقنن
عنوان السلسسلة ملخصات شوم ايزي.
942 ## - بيانات إضافية (كوها)
نوع التنصيف Dewey Decimal Classification
نوع المادة (كوها) كتب
المقتنيات
حالة السحب حالة الفقدان مصدر التصنيف حالة التلف غير قابل للإعارة المكتبة الرئيسية المكتبة الحالية موقع الرف تاريخ التزويد الرقم المتسلسل Total Checkouts رقم الإستدعاء تاريخ آخر ظهور تاريخ الفاتورة نوع المادة (كوها) الباركود
    Dewey Decimal Classification     المكتبة المركزية المكتبة المركزية الإعارة 30/01/2019 1696475   005.12 / ه ي و 28/07/2025 30/01/2019 كتب PLD00443559
    Dewey Decimal Classification Unchecked   مكتبة الاميرة بديعة مكتبة الاميرة بديعة الإعارة 06/07/2004 486929   005.12/هيو 28/07/2025 06/07/2004 كتب  
    Dewey Decimal Classification     مكتبة صويلح العامة مكتبة صويلح العامة الإعارة 06/07/2004 486927   005.12/هيو 28/07/2025 06/07/2004 كتب 486927
Implemented & Customized by: BBB with SCIT (Smart Chains for Information Technology)

Powered by Koha